00641nam a2200181Ia 4500008004100000082001800041100002200059245005100081250000900132260002900141300001200170500002400182650001500206942000700221952010700228952010700335999001700442230524s9999 xx 000 0 und d a658.4012bGIT aLawrence J.Gitman 0a"Managerial Finance (Principles of), 11th ed." a11TH aNEW DELHIbPearsonc2010 aXXV;668 aQuantity Number: 2 aManagement cBK 00104070aTATCLbTATCLcGENd2023-05-24l0o658.4012 GITp37852r2023-05-24w2023-05-24yBKzMBA305A 00104070aTATCLbTATCLcGENd2023-05-24l0o658.4012 GITp37853r2023-05-24w2023-05-24yBKzMBA305A c46799d46799